<?xml version="1.0" encoding="UTF-8"?>
<collection xmlns="http://www.loc.gov/MARC21/slim">
 <record>
  <leader>02004nam a2200241Ia 4500</leader>
  <controlfield tag="001">CTU_159138</controlfield>
  <controlfield tag="008">210402s9999    xx            000 0 und d</controlfield>
  <datafield tag="020" ind1=" " ind2=" ">
   <subfield code="c">38.17</subfield>
  </datafield>
  <datafield tag="082" ind1=" " ind2=" ">
   <subfield code="a">570.72</subfield>
  </datafield>
  <datafield tag="082" ind1=" " ind2=" ">
   <subfield code="b">F785</subfield>
  </datafield>
  <datafield tag="100" ind1=" " ind2=" ">
   <subfield code="a">Fowler, Jim</subfield>
  </datafield>
  <datafield tag="245" ind1=" " ind2="0">
   <subfield code="a">Practical statistics for field biology</subfield>
  </datafield>
  <datafield tag="245" ind1=" " ind2="0">
   <subfield code="c">Jim Fowler, Lou Cohen, and Phil Jarvis</subfield>
  </datafield>
  <datafield tag="260" ind1=" " ind2=" ">
   <subfield code="a">New York</subfield>
  </datafield>
  <datafield tag="260" ind1=" " ind2=" ">
   <subfield code="b">Wiley</subfield>
  </datafield>
  <datafield tag="260" ind1=" " ind2=" ">
   <subfield code="c">1998</subfield>
  </datafield>
  <datafield tag="520" ind1=" " ind2=" ">
   <subfield code="a">Provides an excellent introductory text for students on the principles and methods of statistical analysis in the life sciences, helping them choose and analyse statistical tests for their own problems and present their findings. An understanding of statistical principles and methods is essential for any scientist but is particularly important for those in the life sicences. The field biologist faces very particular problems and challenges with statistics as &quot;real-life&quot; situations such as collecting insects with a sweep net or counting seagulls on a cliff face can hardly be expected to be as reliable or controllable as a laboratory-based experiment. Acknowledging the peculiarites of field-based data and its interpretation, this book provides a superb introduction to statistical analysis helping students relate to their particular and often diverse data with confidence and ease. To enhance the usefulness of this book, the new edition incorporates the more advanced method of multivariate analysis, introducing the nature of multivariate problems and describing the the techniques of principal components analysis, cluster analysis and discriminant analysis which are all applied to biological examples. An appendix detailing the statistical computing packages available has also been included.</subfield>
  </datafield>
  <datafield tag="526" ind1=" " ind2=" ">
   <subfield code="a">Chuyên đề nghiên cứu nguồn lợi thủy sản</subfield>
  </datafield>
  <datafield tag="526" ind1=" " ind2=" ">
   <subfield code="b">TSQ618</subfield>
  </datafield>
  <datafield tag="650" ind1=" " ind2=" ">
   <subfield code="a">Biology,Ecology</subfield>
  </datafield>
  <datafield tag="650" ind1=" " ind2=" ">
   <subfield code="x">Fieldwork,Statistical methods,Statistical methods</subfield>
  </datafield>
  <datafield tag="904" ind1=" " ind2=" ">
   <subfield code="i">QHieu</subfield>
  </datafield>
  <datafield tag="980" ind1=" " ind2=" ">
   <subfield code="a">Trung tâm Học liệu Trường Đại học Cần Thơ</subfield>
  </datafield>
 </record>
</collection>
